Kongzi zhe xue ping lun /

Saved in:
நூற்பட்டியல் விவரங்கள்
தலைமை எழுத்தாளர்: Zhang, Shenqie.
வடிவம்: புத்தகம்
மொழி:Chinese
வெளியீடப்பட்டது: [Taizhong shi] : Zhong yang shu ju, min guo 43 [1954]
பதிப்பு:Chu ban.
தொகுதி:Taiwan guang fu wen hua cai tuan cong shu ; di 2 ji.
பகுதிகள்:
குறியீடுகள்: குறிச்சொல் இணை
குறியீடுகள் இல்லை, இந்த குறிச்சொல்லை முதலில் பதிவு செய்யுங்கள்!
LEADER 01201cam a2200337 a 4500
001 007724221-1
005 20024617105005.0
008 910108s1954 ctu 000 0 chi d
035 0 |a ocm23300418 
040 |a NhD  |c NhD  |d HkUST  |d *YNH*  |d CStRLIN 
043 |a a-cc--- 
100 1 |6 880-01  |a Zhang, Shenqie. 
245 1 0 |6 880-02  |a Kongzi zhe xue ping lun /  |c Zhang Shenqie zhu. 
250 |6 880-03  |a Chu ban. 
260 |6 880-04  |a [Taizhong shi] :  |b Zhong yang shu ju,  |c min guo 43 [1954] 
300 |a 2, 3, 4, 514 p. ;  |c 20 cm. 
490 1 |6 880-05  |a Taiwan guang fu wen hua cai tuan cong shu ;  |v di 2 ji 
500 |a Errata slip inserted. 
500 |a Colophon title. 
600 0 0 |a Confucius. 
650 0 |a Confucianism. 
650 0 |a Philosophy, Chinese  |x History. 
880 1 |6 100-01  |a 張深切. 
880 1 0 |6 245-02  |a 孔子哲學評論 /  |c 張深切著. 
880 |6 250-03  |a 初版. 
880 |6 260-04  |a [臺中市] :  |b 中央書局,  |c 民國43 [1954] 
880 1 |6 490-05  |a 臺灣光復文化財團叢書 ;  |v 第2輯 
830 0 |6 880-55  |a Taiwan guang fu wen hua cai tuan cong shu ;  |v di 2 ji. 
880 0 |6 830-55  |a 臺灣光復文化財團叢書 ;  |v 第2輯. 
988 |a 20021102 
906 |0 OCLC